LEADER 02219oas 2200877 a 450 001 9910763987603321 005 20251105213014.0 011 $a1533-0311 035 $a(DE-599)ZDB2041296-4 035 $a(DE-599)2041296-4 035 $a(OCoLC)45631790 035 $a(CONSER) 00200164 035 $a(CKB)954925489850 035 $a(EXLCZ)99954925489850 100 $a20001228a19799999 sy a 101 0 $aeng 135 $aurcnu|||||||| 181 $ctxt$2rdacontent 182 $cc$2rdamedia 183 $acr$2rdacarrier 200 10$aAmerican journal of dermatopathology 210 $aPhiladelphia, PA $cLippincott Williams, & Wilkins 215 $a1 online resource 300 $aRefereed/Peer-reviewed 311 08$a0193-1091 531 0 $aAm. j. dermatapathol. 606 $aSkin$xDiseases$vPeriodicals 606 $aHistology, Pathological$vPeriodicals 606 $aSkin Diseases$xpathology 606 $aPeau$xMaladies$vPe?riodiques 606 $aHistopathologie$vPe?riodiques 606 $aHistology, Pathological$2fast$3(OCoLC)fst00957675 606 $aSkin$xDiseases$2fast$3(OCoLC)fst01120068 608 $aPeriodical. 608 $aPeriodicals.$2fast 608 $aPeriodicals.$2lcgft 615 0$aSkin$xDiseases 615 0$aHistology, Pathological 615 2$aSkin Diseases$xpathology. 615 6$aPeau$xMaladies 615 6$aHistopathologie 615 7$aHistology, Pathological. 615 7$aSkin$xDiseases. 676 $a616 801 0$bNSD 801 1$bNSD 801 2$bEYM 801 2$bNSD 801 2$bOCLCQ 801 2$bPIT 801 2$bOCLCQ 801 2$bPFM 801 2$bOCLCQ 801 2$bOCLCF 801 2$bVT2 801 2$bOCLCQ 801 2$bNLE 801 2$bBUF 801 2$bAU@ 801 2$bOCLCO 801 2$bUKMGB 801 2$bOCLCA 801 2$bLEAUB 801 2$bOCLCQ 801 2$bOCLCO 801 2$bQGK 801 2$bUBY 801 2$bOCLCQ 801 2$bCGU 801 2$bOCLCL 801 2$bLVT 801 2$bOCLCQ 906 $aJOURNAL 912 $a9910763987603321 996 $aAmerican journal of dermatopathology$93645329 997 $aUNINA